| 000 | 00562nam a2200217 a 4500 | ||
|---|---|---|---|
| 999 |
_c8981 _d8981 |
||
| 001 | 8981 | ||
| 003 | BD-JhCC | ||
| 005 | 20180306123807.0 | ||
| 008 | 180306s2004 u a|||| || | 000 0 eng d | ||
| 035 | _a(BD-JhCC)8981 | ||
| 040 |
_aBD-JhCC _dBD-JhCC |
||
| 041 | _aeng | ||
| 082 |
_22nd ed. _a338 _bWAT 2004 |
||
| 100 | _aWatts, Michael | ||
| 245 |
_aWhat is a Market Economy? / _cMichael Watts, |
||
| 260 |
_aWashington : _bU. S. Department of State, _c2004. |
||
| 300 |
_a32 p . : _bill. ; _c28 cm. |
||
| 650 | _aEconomy | ||
| 942 |
_2ddc _cBK |
||